|
|
|
|
| LEADER |
01098nam a2200361 a 4500 |
| 001 |
000629758 |
| 003 |
CZ BrMZK |
| 005 |
20090714125645.0 |
| 007 |
ta |
| 008 |
021014s2002 xr g f cze d |
| 015 |
|
|
|a cnb001176658
|
| 020 |
|
|
|a 80-249-0062-9
|
| 035 |
|
|
|a (OCoLC)85032436
|
| 040 |
|
|
|a BOA001
|b cze
|
| 041 |
1 |
|
|a cze
|h eng
|
| 043 |
|
|
|a e-gx---
|
| 072 |
|
7 |
|a 913(4)
|x Geografie Evropy, reálie, cestování
|2 Konspekt
|9 7
|
| 080 |
|
|
|a 913(430.131)
|2 MRF
|
| 080 |
|
|
|a (036)913
|2 MRF
|
| 100 |
1 |
|
|a Scheunemann, Jürgen
|7 xx0004476
|4 aut
|
| 245 |
1 |
0 |
|a Berlín /
|c Jürgen Scheunemann
|
| 250 |
|
|
|a Vyd. 1.
|
| 260 |
|
|
|a Praha :
|b Ikar,
|c 2002
|
| 300 |
|
|
|a 192 s. :
|b barev. il., barev. pl. ;
|c 19 cm
|
| 490 |
1 |
|
|a TOP 10
|
| 500 |
|
|
|a Vydala Euromedia Group - Ikar v Praze
|
| 504 |
|
|
|a Obsahuje rejstřík a slovníček
|
| 655 |
|
7 |
|a turistické průvodce
|7 fd133738
|2 czenas
|
| 651 |
|
7 |
|a Berlín (Německo)
|7 ge128749
|2 czenas
|
| 765 |
0 |
|
|t Eyewitness Top 10 travel guide - Berlin
|9 Česky
|
| 830 |
|
0 |
|a TOP 10 (Euromedia Group - Ikar)
|0 s
|
| 910 |
|
|
|a BOA001
|b 1-1082.106
|
| 990 |
|
|
|a BK
|